| 000 | 00520nam a2200181Ia 4500 | ||
|---|---|---|---|
| 005 | 20260429112303.0 | ||
| 008 | 260429s9999||||xx |||||||||||||| ||und|| | ||
| 020 | _a9781666869385 | ||
| 041 | _aEnglish | ||
| 082 |
_a547.05 _bBEN |
||
| 100 | _aBennett, Asher | ||
| 245 | 0 |
_aPrinciples of organometallic chemistry / _cAsher Bennett |
|
| 260 |
_aWilmington : _bAmerican Academic Publisher, _c2024. |
||
| 300 | _axiv, 279 p.; hb | ||
| 650 | _a Inorganic chemistry | ||
| 650 | _aOrganometallic chemistry | ||
| 942 | _cTB | ||
| 999 |
_c53318 _d53318 |
||